000 00462nam a22001577a 4500
003 OSt
005 20151206153108.0
008 151206b xxu||||| |||| 00| 0 eng d
040 _cRUA
082 _aATM ស្រី 1994 B190 Or.1
100 _94420
_aស្រី សោនី
245 _aគំរោងសិក្សាឧបករណ៍ជ្រោយបំផុស
260 _aPhnom Penh
_bRUA
_c1990
300 _a64p.
_bill.
_c29cm.
942 _2ddc
_cATM
999 _c4121
_d4121